00439nam a22001577a 450000500170000000800410001702000260005804000090008404100120009308200180010510000220012324500510014526000440019630000080024065000330024820260422125253.0260422b |||||||| |||| 00| 0 eng d a9789387465640c525.00 aMAIN aEnglish a660.3078bPYE aPyenson, Louis L. aFundamentals of Entomology and Plant Pathology aNew Delhi bMedTech Science Pressc2020 a364 aBiological Science (PM USHA)